| Tag |
First Indicator |
Second Indicator |
Subfields |
| LEADER |
00000cjm a2200000Ia 4500 |
| 001 |
in00002475921 |
| 005 |
20151222163859.0 |
| 007 |
sd fungnn|||ed |
| 008 |
010910p20001949fr jzn zxx d |
| 028 |
0 |
0 |
|a Classics 1140
|b Classics Records
|
| 028 |
0 |
0 |
|a 1140
|b Classics Records
|
| 035 |
|
|
|a (OCoLC)ocm47936560
|
| 035 |
|
|
|a (OCoLC)47936560
|
| 040 |
|
|
|a JQF
|c JQF
|d OCLCQ
|d OCLCG
|d TXA
|d UtOrBLW
|
| 049 |
|
|
|a TXAM
|
| 050 |
|
4 |
|a M1366.B434
|b S5364 2000
|
| 100 |
1 |
|
|a Bechet, Sidney,
|d 1897-1959.
|
| 245 |
1 |
0 |
|a Sidney Bechet, 1949.
|
| 246 |
3 |
0 |
|a 1949
|
| 264 |
|
1 |
|a [France] :
|b Classics Records,
|c [2000]
|
| 264 |
|
4 |
|c ©2000
|
| 300 |
|
|
|a 1 sound disc :
|b digital ;
|c 4 3/4 in. +
|e 1 booklet ([8] pages)
|
| 336 |
|
|
|a performed music
|b prm
|2 rdacontent
|
| 337 |
|
|
|a audio
|b s
|2 rdamedia
|
| 338 |
|
|
|a audio disc
|b sd
|2 rdacarrier
|
| 490 |
1 |
|
|a Chronological classics
|
| 500 |
|
|
|a Compact disc.
|
| 511 |
0 |
|
|a Sidney Bechet, soprano saxophone ; with various other performers.
|
| 518 |
|
|
|a Recorded 1949 at various locations.
|
| 505 |
0 |
0 |
|t Tin roof blues
|g (3:01) --
|t I've found a new baby
|g (3:09) --
|t Nobody knows you when you're down and out
|g (3:09) --
|t When the saints go marching in
|g (3:01) --
|t I got rhythm
|g (3:06) --
|t September song
|g (2:59) --
|t Who?
|g (2:55) --
|t Song of the medina (casbah)
|g (2:38) --
|t Maryland, my Maryland
|g (2:32) --
|t Careless love
|g (2:48) --
|t Egyptian fantasy
|g (2:44) --
|t Basin Street blues
|g (3:18) --
|t Cake walking babies
|g (2:35) --
|t Tailgate ramble
|g (2:54) --
|t At the jazz band ball
|g (3:02) --
|t Joshua fit the battle of Jericho
|g (3:20) --
|t Fidgety feet
|g (3:00) --
|t Honeysuckle rose
|g (2:59) --
|t Coquette
|g (3:21) --
|t High society
|g (3:20) --
|t On the sunny side of the street
|g (2:44) --
|t Sugar
|g (2:48).
|
| 500 |
|
|
|a Sound recording.
|
| 650 |
|
0 |
|a Saxophone music (Jazz)
|
| 650 |
|
0 |
|a Jazz
|y 1941-1950.
|
| 830 |
|
0 |
|a Classics chronological series.
|
| 948 |
|
|
|a cataloged
|b h
|c 2009/4/15
|d c
|e bhartsfi
|f 2:09:30 pm
|
| 994 |
|
|
|a C0
|b TXA
|
| 999 |
|
|
|a MARS
|
| 999 |
f |
f |
|s 530b4eaa-49d3-3ab8-9f15-432f70080e57
|i 5d23f6b7-3522-3d75-9a69-0f9405a38f08
|t 0
|
| 952 |
f |
f |
|p ric
|a Texas A&M University
|b Rellis Campus
|c Joint Library Facility
|d Remote Storage
|t 0
|e M1366.B434 S5364 2000
|h Library of Congress classification
|i audio -- audio disc
|m A14838776616
|
| 998 |
f |
f |
|a M1366.B434 S5364 2000
|t 0
|l Remote Storage
|